000 01110cam a2200337 a 4500
001 5961
003 FISKH
005 20250829161156.0
008 020610s2003 nyu c 000 1 eng
010 _a 2002009078
020 _a0439382025 (alk. paper)
020 _a9780439591812
040 _aDLC
_cDLC
_dDLC
_beng
050 _a PZ7.M82712 K
082 _a823.914
100 1 _aMorpurgo, Michael
_d(1943-)
245 1 0 _aKensuke's kingdom /
_cMichael Morpurgo
250 _aThis edition first published in 2003
260 _aNew York :
_bScholastic,
_c1999.
300 _a164 pages :
_c20 cm.
505 _aR
520 _aWhen Michael is swept off his family's yacht, he washes up on a desert island, where he struggles to survive--until he finds he is not lone.
521 8 _a730
_bLexile
521 8 _aR
_bRaz-Plus
650 1 _aCastaways
_vFiction.
650 1 _aIslands
_vFiction.
856 4 2 _3Publisher description
_uhttp://www.loc.gov/catdir/description/schol051/2002009078.html
906 _a7
_bcbc
_corignew
_d1
_eecip
_f20
_gy-gencatlg
942 _2ddc
_cBK
_n0
999 _c5961
_d5961